[Event "St Veit op-B 27th"]
[Site "St Veit"]
[Date "2008.07.08"]
[Round "?"]
[White "Moser, Eric"]
[Black "Titz, Herbert"]
[Result "0-1"]
[WhiteElo "1569"]
[BlackElo "2044"]
[PlyCount "93"]
[EventDate "2008.07.05"]
[EventType "swiss"]
[EventRounds "9"]
[EventCountry "AUT"]
[SourceTitle "EXT 2024"]
[Source "ChessBase"]
[SourceDate "2023.10.10"]
[SourceVersion "1"]
[SourceVersionDate "2023.10.10"]
[SourceQuality "1"]

1. e4 e5 2. Nf3 Nc6 3. Bc4 Be7 4. a3 Nf6 5. Nc3 0-0 6. d3 d6 7. h3 a6 8. Bg5 Nd7 9. Be3 Nc5 10. Bxc5 dxc5 11. Bd5 Bf6 12. Bxc6 bxc6 13. Nd2 Be6 14. Nc4 g6 15. Qe2 Bg7 16. Qe3 Qd4 17. Na4 Bxc4 18. dxc4 Qxc4 19. b3 Qd4 20. Rd1 Qxe3+ 21. fxe3 c4 22. b4 a5 23. Nc5 axb4 24. axb4 Rfd8 25. 0-0 Bf8 26. Kf2 Rd6 27. Nb7 Rxd1 28. Rxd1 Ra2 29. Rd8 Rxc2+ 30. Kf3 Kg7 31. Nc5 Rb2 32. Rd7 Bd6 33. Ne6+ Kf6 34. Nxc7 Bxb4 35. Ne8+ Kg5 36. g3 Be1 37. h4+ Kh6 38. Kg4 Rg2 39. Kf3 Rxg3+ 40. Ke2 Rg1 41. Rxf7 Bxh4 42. Nf6 Re1+ 43. Kd2 c3+ 44. Kxc3 Bxf6 45. Rxf6 Rxe3+ 46. Kd2 Rxe4 47. Rxc6 0-1

[Event "St Veit op-B 27th"]
[Site "St Veit"]
[Date "2008.07.07"]
[Round "?"]
[White "Glanzer, Christian"]
[Black "Moser, Eric"]
[Result "0-1"]
[WhiteElo "1200"]
[BlackElo "1569"]
[PlyCount "58"]
[EventDate "2008.07.05"]
[EventType "swiss"]
[EventRounds "9"]
[EventCountry "AUT"]
[SourceTitle "EXT 2024"]
[Source "ChessBase"]
[SourceDate "2023.10.10"]
[SourceVersion "1"]
[SourceVersionDate "2023.10.10"]
[SourceQuality "1"]

1. e4 Nf6 2. Nc3 e5 3. Nf3 Nc6 4. a3 Bc5 5. Bc4 0-0 6. 0-0 d6 7. h3 h6 8. d3 a6 9. b4 Ba7 10. Qe2 Nh5 11. Be3 Bxe3 12. Qxe3 Nf4 13. Nd5 Ne6 14. g3 Ned4 15. Nxd4 Nxd4 16. Rac1 Bxh3 17. Rfe1 c6 18. Nc3 Bg4 19. a4 Nf3+ 20. Kf1 Nxe1 21. Rxe1 Kh8 22. a5 f5 23. Be6 Qe7 24. Bxf5 Bxf5 25. exf5 Rxf5 26. Ne4 Raf8 27. Re2 Rf3 28. Qd2 d5 29. Nc5 Rxg3 0-1